00490nam a2200193Ia 4500003000400000005001700004008004100021020002200062040000700084041000800091082001900099100002700118245003700145260003900182300001700221365001600238650002600254650001600280OSt20230517152022.0210423s2006 xx 000 0 und d a978-0-486-45312-X cAL aeng a515 223bHOUP aHOUSEHOLDER (Alston S) aPrinciples of numerical analysis aNew YorkbDover publicationsc2006 aviii,274bPB b1118.7cINR aMathematical Analysis aMathematics